| 000 | 00656nam a22002177a 4500 | ||
|---|---|---|---|
| 003 | DO-SdBNP | ||
| 005 | 20211020092301.0 | ||
| 007 | ta | ||
| 008 | 210325b ||||| |||| 00| 0 spa d | ||
| 040 |
_aDO-SdBNP _bspa _cBNPHU |
||
| 082 | 4 |
_bP438c _222 |
|
| 100 | 1 |
_aPérez Moreno, Cruz María _978291 |
|
| 245 | 1 | 0 |
_aCantos para tí / _cCruz María Pérez Moreno ; prólogo Emiliana Polanco Polanco |
| 260 |
_as.l. : _b[s. n.], _c2000? |
||
| 300 |
_a135 p. ; _c19 cm. |
||
| 500 | _aIncluye datos biográficos de la autora | ||
| 590 | _aInventariado, 2021 / DG | ||
| 700 | 1 |
_aPolanco Polanco, Emiliana _epról. _980278 |
|
| 910 | _aD/G | ||
| 942 |
_2ddc _cLBS1 |
||
| 999 |
_c49697 _d49697 |
||